000 00456nam a2200193Ia 4500
005 20240823041752.0
008 240823s9999||||xx |||||||||||||| ||und||
020 _a81-7254-172-4
041 _aENGLISH
082 _A808.6 P8
100 _aPadmasani Kannan S
245 0 _aLetters for All Occasions
250 _a1st
260 _c2008
_b"Sura Books,Madras"
500 _aTRANSFERED
650 _aLetters
_bEnglish
942 _cBK
999 _c206285
_d206285